Electronics manual for radio engineers / (Record no. 183053)

000 -LEADER
fixed length control field 00791 a2200181 4500
003 - CONTROL NUMBER IDENTIFIER
control field Nust
005 - DATE AND TIME OF LATEST TRANSACTION
control field 20221221104633.0
040 ## - CATALOGING SOURCE
Transcribing agency Nust
082 ## - DEWEY DECIMAL CLASSIFICATION NUMBER
Classification number 621.384,ZEL
100 ## - MAIN ENTRY--PERSONAL NAME
Personal name Zeluff, Vin
9 (RLIN) 105458
245 ## - TITLE STATEMENT
Title Electronics manual for radio engineers /
Statement of responsibility, etc. Vin Zeluff and John Markus
260 ## - PUBLICATION, DISTRIBUTION, ETC.
Place of publication, distribution, etc. London
Name of publisher, distributor, etc. McGraw-Hill
Date of publication, distribution, etc. 1949
300 ## - PHYSICAL DESCRIPTION
Extent 880 p.
505 ## - FORMATTED CONTENTS NOTE
Formatted contents note Antennas (Page-1), Audio (Page-49), Circuit Theory (Page-125), Components (Page-221), D-C Amplifiers (Page-251), Filters (Page-289), Ionosphere (Page-321), Measurements (Page-354), Microwaves (Page-447), Power Supplies (Page-524), Production (Page-550), Receivers (Page-590), Television (Page-673), Transmission Lines (Page-748), Transmitters (Page-764).
650 ## - SUBJECT ADDED ENTRY--TOPICAL TERM
Topical term or geographic name entry element Radio
700 ## - ADDED ENTRY--PERSONAL NAME
Personal name Markus, John
9 (RLIN) 56565
942 ## - ADDED ENTRY ELEMENTS (KOHA)
Source of classification or shelving scheme
Koha item type Book
Holdings
Withdrawn status Lost status Source of classification or shelving scheme Damaged status Not for loan Permanent Location Current Location Shelving location Date acquired Full call number Barcode Date last seen Price effective from Koha item type Public note
          Military College of Signals (MCS) Military College of Signals (MCS) General Stacks 12/12/2016 621.384,ZEL MCS6406 12/08/2016 12/12/2016 Book Almirah No.38, Shelf No.4
© 2023 Central Library, National University of Sciences and Technology. All Rights Reserved.